00618 2200205 4500001002100000005001700021008004100038020002200079035002400101082001300125090002000138100002400158245010900182250001100291260003300302300002000335504002600355650000900381990002200390YOGYA-0712000000016520120722185659.0 ind  a978-602-191-246-1 0010-071200000000165 a297.3822 a297.3822bMas K aMASYKUR ARIF RAHMAN aKesalahan-kesalahan wudhu & mandi junub paling sering terjadi/ Masykur Arif Rahman; editor, Virsya Hany. aCet. 1 aYogyakartabDiva Pressc2012 a121 hlm.c21 cm aBibliografi= hlm. 121 aWudu aCB-D.11. 2012-447